Introduction to organic and biochemistry / (Record no. 357529)
[ view plain ]
| 000 -LEADER | |
|---|---|
| fixed length control field | 00538nam a2200193Ia 4500 |
| 008 - FIXED-LENGTH DATA ELEMENTS--GENERAL INFORMATION | |
| fixed length control field | 180523s9999 xx 000 0 und d |
| 020 ## - INTERNATIONAL STANDARD BOOK NUMBER | |
| International Standard Book Number | 981-254-511-5 |
| 050 ## - LIBRARY OF CONGRESS CALL NUMBER | |
| Classification number | MAIN QD 253.2 |
| 050 ## - LIBRARY OF CONGRESS CALL NUMBER | |
| Item number | .B48 2004 |
| 100 ## - MAIN ENTRY--PERSONAL NAME | |
| Personal name | Bettelheim, Frederick A. |
| 245 #0 - TITLE STATEMENT | |
| Title | Introduction to organic and biochemistry / |
| 245 #0 - TITLE STATEMENT | |
| Statement of responsibility, etc | Frederick A. Bettelheim, William H. Brown, Jerry March. |
| 250 ## - EDITION STATEMENT | |
| Edition statement | 5th Edition |
| 260 ## - PUBLICATION, DISTRIBUTION, ETC. (IMPRINT) | |
| Name of publisher, distributor, etc | Thomson Learning, |
| 260 ## - PUBLICATION, DISTRIBUTION, ETC. (IMPRINT) | |
| Date of publication, distribution, etc | 2004 |
| 300 ## - PHYSICAL DESCRIPTION | |
| Extent | 522 pages : |
| 300 ## - PHYSICAL DESCRIPTION | |
| Dimensions | 24 cm. |
| 500 ## - GENERAL NOTE | |
| General note | Includes index. |
| Withdrawn status | Lost status | Damaged status | Home library | Current library | Shelving location | Date acquired | Cost, normal purchase price | Total Checkouts | Full call number | Barcode | Date last seen | Price effective from | Koha item type |
|---|---|---|---|---|---|---|---|---|---|---|---|---|---|
| South Mansfield College | South Mansfield College | 06/20/2006 | 595.00 | MAIN QD 253.2 .B48 2004 | SMC03232 | 05/23/2018 | 05/23/2018 |